MDQL
is popping MORE tags! Check the
thread
!
Quizzes
Events
Quiz Creation
Community
Videos
Private Events
Remove Ads
Sign In
Join for FREE
Feedback
Dark Mode
Quiz Categories
Sports
Geography
Music
Movies
Television
Just For Fun
Miscellaneous
History
Literature
Language
Science
Gaming
Entertainment
Religion
Holiday
For Kids
Quiz Lab
Recent
Popular Today
Quiz Kudos Today
Editor Picks
Curator Picks
Quizzes by...
Day
Popularity
Type
Ratings
Length
Year
Community
Subscriptions
Recent Discussions
Orange Saloon
Badges
Playlists
Quests
Create
Leaderboards
Showdown
Live 5
Trivia Bingo
Activity
Puzzle Library
Sporcle Events
Private Events
Virtual Trivia
Globe League
Become a Host
Pub Owners
SporcleCon
Opinionation
Our Games
Videos
Blog
Mobile Apps
Partnerships
Remove Ads and Go Orange
Feedback
Music
Pop Music
The Beatles
Song
Album
Lyrics
Bands
Singers
Artist
Clip
Rock
Rap
Classical
Billboard
Country Music
Kpop
Taylor Swift
Music
Pop Music
The Beatles
Song
Album
Lyrics
Bands
Singers
Artist
Clip
Rock
Rap
Classical
Billboard
Country Music
Kpop
Taylor Swift
Random Quiz
Search Sporcle
×
Quiz Lab
Quiz Lab
Music
Type in answers that appear in a list
Type in answers that appear in a list
Classic
Best Score? Go Orange.
Radiohead Songs by Album Stats
Can you name the Radiohead Songs by Album?
By
uoykcuf
8m
81 Questions
60 Plays
60 Plays
60 Plays
Comments
Comments
Give Quiz Kudos
Give Quiz Kudos
-
- Ratings
hide this ad
Replay
Link that replays current quiz
Next Quiz
Link to next quiz in quiz playlist
You Got
0%
They Got
Avg Score
57%
Avg Friend Score
Upgrade to see
Score Distribution
Jump to the score distribution portion of the page
Score
0/81
Timer
08:00
0
Plays Today
Album
% Correct
Pablo Honey
Creep
96.7%
The Bends
The Bends
90%
The Bends
Fake Plastic Trees
90%
OK Computer
Paranoid Android
90%
OK Computer
Karma Police
90%
Kid A
Kid A
86.7%
The Bends
Just
83.3%
The Bends
High and Dry
81.7%
Amnesiac
Morning Bell
80%
OK Computer
Fitter Happier
78.3%
Kid A
Everything in its Right Place
78.3%
OK Computer
Electioneering
76.7%
Kid A
The National Anthem
76.7%
Kid A
Idioteque
76.7%
Amnesiac
Pyramid Song
76.7%
Hail to the Thief
2+2=5
76.7%
The Bends
My Iron Lung
75%
OK Computer
Exit Music
73.3%
OK Computer
Airbag
71.7%
Kid A
Morning Bell
71.7%
OK Computer
No Surprises
70%
OK Computer
The Tourist
70%
In Rainbows
15 Step
70%
Pablo Honey
You
68.3%
The Bends
Planet Telex
68.3%
OK Computer
Let Down
68.3%
In Rainbows
Weird Fishes
66.7%
Album
% Correct
Pablo Honey
Anyone Can Play Guitar
65%
The Bends
Street Spirit (Fade Out)
65%
Kid A
Motion Picture Soundtrack
65%
Hail to the Thief
A Wolf at the Door
65%
OK Computer
Subterranean Homesick Alien
63.3%
Hail to the Thief
There There
63.3%
In Rainbows
Nude
63.3%
OK Computer
Climbing Up the Walls
61.7%
OK Computer
Lucky
61.7%
Kid A
Treefingers
61.7%
Kid A
Optimistic
61.7%
In Rainbows
Reckoner
61.7%
In Rainbows
House of Cards
61.7%
In Rainbows
Jigsaw Falling into Place
61.7%
Kid A
How to Disappear Completely
60%
In Rainbows
Bodysnatchers
60%
In Rainbows
Videotape
60%
The Bends
Nice Dream
58.3%
The Bends
Black Star
56.7%
Amnesiac
Like Spinning Plates
56.7%
Amnesiac
Life in a Glasshouse
56.7%
The Bends
Bones
51.7%
Amnesiac
You and Whose Army?
51.7%
In Rainbows
All I Need
51.7%
Kid A
In Limbo
50%
Amnesiac
Knives Out
50%
In Rainbows
Faust Arp
50%
Album
% Correct
The Bends
Bulletproof....I Wish I Was
48.3%
The Bends
Sulk
48.3%
Hail to the Thief
Sit Down, Stand Up
48.3%
Hail to the Thief
A Punchup at a Wedding
48.3%
Hail to the Thief
The Gloaming
46.7%
Hail to the Thief
Sail to the Moon
43.3%
Hail to the Thief
I Will
41.7%
Pablo Honey
Blowout
40%
Hail to the Thief
Backdrifts
40%
Hail to the Thief
Scatterbrain
40%
Amnesiac
Pulk
38.3%
Hail to the Thief
Go to Sleep
38.3%
Hail to the Thief
We Suck Young Blood
38.3%
Hail to the Thief
Myxomatosis
36.7%
Amnesiac
I Might be Wrong
35%
Pablo Honey
Vegetable
33.3%
Pablo Honey
Lurgee
33.3%
Pablo Honey
Stop Whispering
31.7%
Amnesiac
Hunting Bears
31.7%
Pablo Honey
How do You?
30%
Amnesiac
Dollars and Cents
30%
Pablo Honey
Thinking About You
28.3%
Pablo Honey
Prove Yourself
28.3%
Pablo Honey
I Can't
28.3%
Hail to the Thief
Where I End and You Begin
28.3%
Amnesiac
Packt Like Sardines in a Crushd Tin Box
26.7%
Pablo Honey
Ripcord
25%
Quiz Playlist
Details
Report
Send in Message
Add To Playlist
Classic:
Type in answers that appear in a list
Last Updated: Feb 16, 2017
Quiz Scoreboard
CHALLENGE
Sign Up to Join the Scoreboard
Show All
Scores
Hide
Comments
May contain spoilers
Recently Published
Holiday 10x10 Sorting Gallery
by lukepisani3
Holiday
15m
Two Season TV Shows II
by 123Four
Television
10m
Image Sorting: Flags VI
by Barbecue
Geography
2m
More to Explore
Quiz From the Vault
Featured Blog Post
14 Easter Pick-up Lines to Find Eggs With
hide this ad
You Might Also Like...
Tags
This quiz does not have any tags.
Today's Top Quizzes in Music
Browse Music
hide this ad
Top Contributed Quizzes in Music
1
5X2 Blitz: Bands II
2
5X2 Blitz: The Beatles
3
Taylor Swift All Songs (2024)
4
5X2 Blitz: Billboard
5
5X2 Blitz: Billboard II
6
Music Artist by Three 2010s hits
7
5X2 Blitz: Album
8
5X2 Blitz: Rock
9
5X2 Blitz: Singers
10
5X2 Blitz: Lyrics
Explore More
Trending Topics
Disney
Crossword
Anime
Marvel
NBA
Harry Potter
Kpop
The Office
Pokémon
Soccer
NFL
Song
WWE
Puzzle
Country
hide this ad
More By:
uoykcuf
Quiz
Plays
Rating
Category
Featured
Created
Office (US) Episodes by Plot
150
5.00
Television
Mar 11, 2010
Radiohead Songs by Album
60
1.00
Music
Mar 11, 2010
Muse Songs by Album
24
Music
Mar 11, 2010
Go to Creator's Profile
Score Distribution
Quiz Creator Spotlight
uoykcuf
Follow
Send a Message
Quizzes Created
-
Created Quiz Play Count
-
More By This Creator
Popular Quizzes Today
1
Find the US States - No Outlines Minefield
2
Colored Red Africa Blitz
3
Find the 'City' Movie
4
The Countries of the World
5
5x2 Blitz: Bands
6
Find the Countries of Europe - No Outlines Minefield
7
Find the US States
8
US States
More Music Quizzes
Anything but the Picture: Music
Published
Trending Quizzes
Colored Red Europe Blitz I
Colored Red Europe Blitz II
Colored Red Africa Blitz II
Even More Two Season TV Shows
Colored Red Africa Blitz III
Recently Updated
Odd Team Out - Big 4 Players
pecheneg
Quick Pick: 20 Twenties
pecheneg
March Madness Men's Triple Doubles
pecheneg
How Do You Spell That?
pecheneg
Godzilla Movies
pecheneg
Grab Bag: 4-10 Letters
pecheneg
2024 March Madness Bracket
pecheneg
Famous TV Couples
Peacemaker
Champions League XIs: Real Madrid
pecheneg
Largest US Cities 1790-2010
pecheneg
Trending Topics
Crossword
Harry Potter
Disney
NBA
Kpop
Anime
Marvel
Song
WWE
Country
The Office
Puzzle
Soccer
NFL
Pokémon
Your Account Isn't Verified!
In order to create a playlist on Sporcle, you need to verify the email address you used during registration. Go to your
Sporcle Settings
to finish the process.
Report this User
Report this user for behavior that violates our
Community Guidelines
.
Details:
Send Report
Go to the Sporcle.com Mobile Site →
Comments